| 000 | 00465nam a2200181Ia 4500 | ||
|---|---|---|---|
| 001 | 10489 | ||
| 005 | 20260306161836.0 | ||
| 008 | 260306t2015||||xx |||||||||||||| ||spa|| | ||
| 041 | _aESP | ||
| 082 |
_a937.06 _bG43D V. 2 |
||
| 100 |
_aGibbon, Edward _eAUT |
||
| 245 | 0 | _aDecadencia y caída del imperio romano | |
| 260 | _c2015 | ||
| 300 |
_apáginas sin numerar, páginas 1473-3181 : _c23 cm. |
||
| 650 | _aGEN | ||
| 654 | _aCHU | ||
| 942 |
_cLIB _dJUS _fJUS _2ddc _n |
||
| 999 |
_c10489 _d10489 |
||